000 00390nam a22001577a 4500
005 20240118122946.0
008 240118b |||||||| |||| 00| 0 eng d
020 _a978-81-902666-1-1
041 _aeng
100 _aUNKALKAR, V.G.
_98399
245 _aEXCEL WITH VEDIC MATHEMATICS
260 _aBANGALORE
_bVANDANA PUBLISHERS
300 _a200
650 _aLIFE SKILL
_98393
942 _cBK
999 _c8484
_d8482